000 00747nam a22002297a 4500
003 OSt
005 20160516192357.0
008 160516b xxu||||| |||| 00| 0 eng d
020 _a978-08053-2719-9
040 _cLIC
082 _22008
_aDC 796.077
_bF92t
100 _98381
_aFronske, Hilda
245 _aTeaching cues for sport skills for secondary school students/
_cHilda Fronske.
250 _aFourth Edition
260 _aSan Francisco:
_bPearson Education Inc.,
_cc2008.
300 _ax, 445 pages:
_billustrations;
_c28 cm.
365 _b3,640.00
_cPhp
500 _aIncludes bibliographical references and index.
650 0 _98382
_aSports
_vStudy and teaching (Secondary)
650 0 _98383
_aSchool sports
_xCoaching
942 _2ddc
_cDC
999 _c2537
_d2537